| 000 | 00592nam a2200193 i 4500 | ||
|---|---|---|---|
| 001 | 61011 | ||
| 003 | ES-MaACL | ||
| 005 | 20250902040135.0 | ||
| 007 | t| | ||
| 008 | 031110s1979 sp ||||1| spa d | ||
| 245 | 0 | 4 | _aLos estudios de medicina. |
| 260 |
_aMadrid : _bFundación Universidad Empresa, _c1979. |
||
| 300 |
_a96, XLVII p. ; _c24 cm. |
||
| 490 | 1 |
_aMonografias profesionales ; _v5 |
|
| 710 | 2 |
_aFundación Universidad-Empresa (Madrid) _94424 |
|
| 830 | 0 |
_aMonografias profesionales ; _v5 _9182734 |
|
| 852 |
_aES-MaACL _jC-26614 _bR.100323 |
||
| 999 |
_c61011 _d61011 |
||